Auctions law and practice : Second edition

Bibliographic Details
Main Author: Harvey, Brian W.
Other Authors: Meisel, Franklin
Format: Book
Published: New York : Oxford university press , 1995
Subjects:

MARC

LEADER 00000cam a2200000 7i4500
001 0000014058
005 20050627.0
020 |a 0198259085 
040 |a INS 
090 0 0 |a KD1660   |b H37 1995 
100 1 |a Harvey, Brian W. 
245 1 0 |a Auctions law and practice :   |b Second edition   |c Brian W. Harvey 
260 |a New York :   |b Oxford university press ,   |c 1995 
300 |a vip :   |b 401p ;   |c 24cm. 
650 0 0 |a Auctions   |x Great Britain 
700 1 |a Meisel, Franklin 
999 |a 0000014202   |b BOOK   |c Open Shelf   |e Default branch